MARC details
| 000 -CABECERA |
| campo de control de longitud fija |
01162nam a2200277 a 4500 |
| 001 - NÚMERO DE CONTROL |
| campo de control |
000017271 |
| 003 - IDENTIFICADOR DEL NÚMERO DE CONTROL |
| campo de control |
DO-SdBNP |
| 005 - FECHA Y HORA DE LA ÚLTIMA TRANSACCIÓN |
| campo de control |
20250401145955.0 |
| 008 - DATOS DE LONGITUD FIJA--INFORMACIÓN GENERAL |
| campo de control de longitud fija |
100322s2000 dr ac 000 0 spa d |
| 040 ## - FUENTE DE LA CATALOGACIÓN |
| Centro catalogador/agencia de origen |
DO-SdBNP |
| Lengua de catalogación |
spa |
| Centro/agencia transcriptor |
BNPHU |
| 049 ## - FONDOS LOCALES (OCLC) |
| Fondos de biblioteca |
BNPD |
| 082 ## - NÚMERO DE LA CLASIFICACIÓN DECIMAL DEWEY |
| Número de clasificación |
R 398.097293 |
| Número de documento/Ítem |
T266c |
| 100 1# - ENTRADA PRINCIPAL--NOMBRE DE PERSONA |
| Nombre de persona |
Tejada Ortiz, Dagoberto, |
| Fechas asociadas al nombre |
1940- |
| 9 (RLIN) |
33526 |
| 245 10 - MENCIÓN DE TÍTULO |
| Título |
Calendario folklórico dominicano / |
| Mención de responsabilidad, etc. |
Dagoberto Tejada Ortíz, Iván Dominguez, José Castillo Méndez ; Prólogo Marcio Veloz Maggiolo. |
| 260 ## - PUBLICACIÓN, DISTRIBUCIÓN, ETC. |
| Lugar de publicación, distribución, etc. |
Santo Domingo : |
| Nombre del editor, distribuidor, etc. |
Instituto Dominicano de Folklore |
| -- |
Grupo León Jiménez, |
| Fecha de publicación, distribución, etc. |
2000. |
| 300 ## - DESCRIPCIÓN FÍSICA |
| Extensión |
95 p. : |
| Otras características físicas |
il., retrs. ; |
| Dimensiones |
28 cm. |
| 586 ## - NOTA DE PREMIOS |
| Nota de premios |
La biblioteca posee 1 ejemplar autografiado por el autor |
| 650 #0 - PUNTO DE ACCESO ADICIONAL DE MATERIA--TÉRMINO DE MATERIA |
| Término de materia o nombre geográfico como elemento de entrada |
Folclore |
| Subdivisión geográfica |
República Dominicana |
| Subdivisión general |
Calendarios |
| 9 (RLIN) |
33448 |
| 650 #4 - PUNTO DE ACCESO ADICIONAL DE MATERIA--TÉRMINO DE MATERIA |
| Término de materia o nombre geográfico como elemento de entrada |
Culturas tradicionales |
| Subdivisión geográfica |
República Dominicana |
| Subdivisión general |
Calendarios |
| 9 (RLIN) |
37927 |
| 651 #4 - PUNTO DE ACCESO ADICIONAL DE MATERIA--NOMBRE GEOGRÁFICO |
| Nombre geográfico |
República Dominicana |
| Subdivisión general |
Vida Social Y Costumbres |
| -- |
Calendarios |
| 9 (RLIN) |
37926 |
| 700 1# - PUNTO DE ACCESO ADICIONAL--NOMBRE DE PERSONA |
| Nombre de persona |
Castillo Méndez, José |
| 9 (RLIN) |
37928 |
| 700 1# - PUNTO DE ACCESO ADICIONAL--NOMBRE DE PERSONA |
| Nombre de persona |
Dominguez, Iván |
| 9 (RLIN) |
18981 |
| 700 1# - PUNTO DE ACCESO ADICIONAL--NOMBRE DE PERSONA |
| Nombre de persona |
Veloz Maggiolo, Marcio, |
| Fechas asociadas al nombre |
1936-2021 |
| Término indicativo de función/relación |
pról. |
| 9 (RLIN) |
1104 |
| 910 ## - DATOS DE OPCIÓN DEL USUARIO (OCLC) |
| Datos de opción del usuario |
Validado. Control de la calidad EMS. |
| 942 ## - ELEMENTOS DE PUNTO DE ACCESO ADICIONAL (KOHA) |
| Fuente del sistema de clasificación o colocación |
Dewey Decimal Classification |
| Tipo de ítem Koha |
Libro |